Partnership and LLP law / (Registro nro. 173815)

Detalles MARC
000 -LEADER
fixed length control field 01110nam a2200373 i 4500
001 - CONTROL NUMBER
control field 2018379141
006 - FIXED-LENGTH DATA ELEMENTS--ADDITIONAL MATERIAL CHARACTERISTICS--GENERAL INFORMATION
fixed length control field m o d
007 - PHYSICAL DESCRIPTION FIXED FIELD--GENERAL INFORMATION
fixed length control field cr un ---uuuua
008 - FIXED-LENGTH DATA ELEMENTS--GENERAL INFORMATION
fixed length control field 180316s2018 enk o 001 0 eng d
010 ## - LIBRARY OF CONGRESS CONTROL NUMBER
LC control number 2018379141
020 ## - INTERNATIONAL STANDARD BOOK NUMBER
International Standard Book Number 9780854902415
Qualifying information (pbk.)
020 ## - INTERNATIONAL STANDARD BOOK NUMBER
International Standard Book Number 0854902414
035 ## -
-- 42482
040 ## - CATALOGING SOURCE
Original cataloging agency UtOrBLW
Language of cataloging eng
Description conventions rda
Transcribing agency UtOrBLW
042 ## -
-- pcc
043 ## -
-- e-uk-en
050 00 -
-- KD2051
-- .B47 2018
082 04 -
-- 346.410682
-- 23
100 1# - MAIN ENTRY--PERSONAL NAME
Personal name Berry, Elspeth,
Relator term author.
245 10 - TITLE STATEMENT
Title Partnership and LLP law /
Statement of responsibility, etc Elspeth Berry.
250 ## -
-- Second edition.
264 #1 -
-- London :
-- Wildy, Simmonds & Hill Publishing,
-- 2018.
300 ## - PHYSICAL DESCRIPTION
Extent 1 online resource (xlii, 248 pages)
336 ## -
-- text
-- txt
-- rdacontent
337 ## -
-- computer
-- c
-- rdamedia
338 ## -
-- online resource
-- cr
-- rdacarrier
500 ## - GENERAL NOTE
General note Includes index.
650 #0 - SUBJECT ADDED ENTRY--TOPICAL TERM
Topical term or geographic name as entry element Partnership
Geographic subdivision England.
650 #0 - SUBJECT ADDED ENTRY--TOPICAL TERM
Topical term or geographic name as entry element Limited partnership
Geographic subdivision England.
650 #0 - SUBJECT ADDED ENTRY--TOPICAL TERM
Topical term or geographic name as entry element Limited liability partnership
Geographic subdivision England.
856 40 - LOCALIZACIÓN Y ACCESO ELECTRÓNICO
Identificador Uniforme del Recurso (URI/URL) https://app.vlex.com/#/sources/42482
942 ## -
-- RAA
999 ## -
-- 173815
-- 173815

No hay ítems disponibles.


CONTACTO


NOSOTROS


SITIOS DE INTERES

coordinacion.biblioteca.biblioteca@unienlinea.mx Misión, Visión y Objetivos Bases de datos
Directorio Bibliotecas Digitales y Repositorios
Normatividad Revistas y artículos
Convenios interbibliotecarios
Boletines



Hecho en México. Universidad Insurgentes (UIN). Todos los derechos reservados 2024. Esta página y sus contenidos pueden ser reproducidos con fines no lucrativos, siempre y cuando no se mutile, se cite la fuente completa y su dirección electrónicas. De otra forma requiere permiso previo por escrito de la institución




2024 Copyright Universidad Insurgentes | www.bibliouin.com.mx